Study of Dealer satisfaction in cement industry (Record no. 19382)

MARC details
000 -LEADER
fixed length control field 00344nam a2200133Ia 4500
008 - FIXED-LENGTH DATA ELEMENTS--GENERAL INFORMATION
fixed length control field 221220s9999 xx 000 0 und d
041 ## - LANGUAGE CODE
Language code of text/sound track or separate title
100 ## - MAIN ENTRY--AUTHOR NAME
Personal name Vivek Singh Randawa
245 #0 - TITLE STATEMENT
Title Study of Dealer satisfaction in cement industry
260 ## - PUBLICATION, DISTRIBUTION, ETC. (IMPRINT)
Name of publisher Shree cement ltd.
Place of publication JAMMU
Year of publication 2018
300 ## - PHYSICAL DESCRIPTION
Number of Pages 44
650 ## - SUBJECT ADDED ENTRY--TOPICAL TERM
Topical Term Management
942 ## - ADDED ENTRY ELEMENTS (KOHA)
Koha item type Thesis
Holdings
Accession Number Price effective from Koha item type Withdrawn / writtenoff status Materials specified (bound volume or other part) Damaged status Not for loan Permanent Location Current Location Shelving location Date acquired Lost/ Missing status department
STR/1248/18 12/20/2022 Thesis   Print     MIET Library, Jammu MIET Library, Jammu BL-Academic Block B, FL-2, CUP-45, SH-2, R-2     MBA